Pokémon Scarlet & Violet Pokédex - Statistics

General Stats
  • This quiz has been taken 216 times
  • The average score is 291 of 400
Answer Stats
Dex No. Type Pokémon % Correct
1 Grass Sprigatito
97%
7 Water Quaxly
96%
4 Fire Fuecoco
95%
16 Grass/Flying Hoppip
91%
19 Normal/Flying Fletchling
89%
22 Electric Pawmi
89%
21 Fire/Flying Talonflame
89%
20 Fire/Flying Fletchinder
88%
68 Ghost/Poison Gastly
88%
70 Ghost/Poison Gengar
88%
69 Ghost/Poison Haunter
88%
10 Normal Lechonk
88%
73 Electric Pichu
88%
74 Electric Pikachu
88%
75 Electric Raichu
88%
17 Grass/Flying Skiploom
88%
61 Normal/Fairy Wigglytuff
88%
53 Poison/Ground Wooper
88%
48 Water/Fairy Azumarill
86%
59 Normal/Fairy Igglybuff
86%
60 Normal/Fairy Jigglypuff
86%
18 Grass/Flying Jumpluff
86%
47 Water/Fairy Marill
86%
23 Electric/Fighting Pawmo
86%
6 Fire/Ghost Skeledirge
86%
46 Normal/Fairy Azurill
85%
5 Fire Crocalor
85%
2 Grass Floragato
85%
64 Psychic/Fairy Gardevoir
85%
192 Normal/Psychic Girafarig
85%
3 Grass/Dark Meowscarada
85%
62 Psychic/Fairy Ralts
85%
179 Normal Eevee
84%
193 Normal/Psychic Farigiraf
84%
65 Psychic/Fighting Gallade
84%
26 Dark/Fire Houndoom
84%
25 Dark/Fire Houndour
84%
181 Electric Jolteon
84%
158 Fighting Mankey
84%
159 Fighting Primeape
84%
9 Water/Fighting Quaquaval
84%
348 Dragon Dragonair
82%
349 Dragon/Flying Dragonite
82%
347 Dragon Dratini
82%
182 Fire Flareon
82%
186 Ice Glaceon
82%
63 Psychic/Fairy Kirlia
82%
399 Fighting/Dragon Koraidon
82%
15 Bug/Dark Lokix
82%
13 Bug Spidops
82%
99 Normal/Flying Staraptor
82%
98 Normal/Flying Staravia
82%
12 Bug Tarountula
82%
180 Water Vaporeon
82%
54 Poison/Ground Clodsire
81%
190 Normal/Grass Deerling
81%
183 Psychic Espeon
81%
128 Dragon/Ground Garchomp
81%
126 Dragon/Ground Gible
81%
185 Grass Leafeon
81%
164 Fighting/Steel Lucario
81%
400 Electric/Dragon Miraidon
81%
14 Bug Nymble
81%
8 Water Quaxwell
81%
261 Bug/Steel Scizor
81%
260 Bug/Flying Scyther
81%
84 Grass/Normal Smoliv
81%
97 Normal/Flying Starly
81%
187 Fairy Sylveon
81%
184 Dark Umbreon
81%
288 Water Wiglett
81%
160 Fighting/Ghost Annihilape
80%
276 Dragon Bagon
80%
127 Dragon/Ground Gabite
80%
316 Rock/Ground Larvitar
80%
50 Bug/Flying Masquerain
80%
11 Normal Oinkologne
80%
24 Electric/Fighting Pawmot
80%
317 Rock/Ground Pupitar
80%
163 Fighting Riolu
80%
278 Dragon/Flying Salamence
80%
35 Bug Scatterbug
80%
49 Bug/Water Surskit
80%
275 Bug/Fire Volcarona
80%
289 Water Wugtrio
80%
42 Flying/Steel Corviknight
78%
370 Dark/Dragon Deino
78%
76 Fairy Fidough
78%
391 Ghost Gimmighoul
78%
134 Water Magikarp
78%
209 Electric/Steel Magnemite
78%
210 Electric/Steel Magneton
78%
115 Ghost Mismagius
78%
191 Normal/Grass Sawsbuck
78%
277 Dragon Shelgon
78%
36 Bug Spewpa
78%
318 Rock/Dark Tyranitar
78%
37 Bug/Flying Vivillon
78%
177 Electric/Flying Wattrel
78%
368 Dark/Steel Bisharp
77%
167 Fire/Ghost Ceruledge
77%
38 Bug/Flying Combee
77%
41 Flying Corvisquire
77%
148 Ground Diglett
77%
149 Ground Dugtrio
77%
203 Poison/Normal Grafaiai
77%
376 Ground/Fighting Great Tusk
77%
301 Fighting/Flying Hawlucha
77%
372 Dark/Dragon Hydreigon
77%
274 Bug/Fire Larvesta
77%
211 Electric/Steel Magnezone
77%
114 Ghost Misdreavus
77%
129 Rock Nacli
77%
367 Dark/Steel Pawniard
77%
40 Flying Rookidee
77%
267 Ground/Dark Sandile
77%
325 Water/Psychic Slowbro
77%
326 Water/Psychic Slowking
77%
324 Water/Psychic Slowpoke
77%
223 FightingFighting/Fire Fighting/Water Tauros
77%
371 Dark/Dragon Zweilous
77%
353 Grass/Ice Abomasnow
76%
108 Grass/Dragon Applin
76%
214 Fire Arcanine
76%
152 Fire/Ground Camerupt
76%
330 Water/Ice Cloyster
76%
354 Ice/Flying Delibird
76%
143 Ghost/Flying Drifloon
76%
358 Ice Glalie
76%
287 Dark/Fairy Grimmsnarl
76%
213 Fire Growlithe
76%
135 Water/Flying Gyarados
76%
262 Bug/Fighting Heracross
76%
233 Dark/Flying Honchkrow
76%
178 Electric/Flying Kilowattrel
76%
249 Rock Klawf
76%
162 Fighting/Psychic Medicham
76%
161 Fighting/Psychic Meditite
76%
232 Dark/Flying Murkrow
76%
151 Fire/Ground Numel
76%
100 Fire/FlyingElectric/Flying Psychic/Flying Ghost/Flying Oricorio
76%
310 Electric/GhostElectric/Ice Electric/Fire Electric/Grass Electric/Flying Electric/Water Rotom
76%
329 Water Shellder
76%
230 Dark/Ice Sneasel
76%
350 Ice/Bug Snom
76%
302 Ghost/Dark Spiritomb
76%
39 Bug/Flying Vespiquen
76%
231 Dark/Ice Weavile
76%
220 Dragon/Flying Altaria
74%
166 Fire/Psychic Armarouge
74%
165 Fire Charcadet
74%
144 Ghost/Flying Drifblim
74%
109 Grass/Dragon Flapple
74%
379 Ghost/Fairy Flutter Mane
74%
259 Bug/Steel Forretress
74%
359 Ice/Ghost Froslass
74%
351 Ice/Bug Frosmoth
74%
131 Rock Garganacl
74%
56 Water Golduck
74%
194 Poison Grimer
74%
117 Fighting Hariyama
74%
285 Dark/Fairy Impidimp
74%
382 Ground/Steel Iron Treads
74%
269 Ground/Dark Krookodile
74%
224 Fire/Normal Litleo
74%
95 Electric Luxio
74%
96 Electric Luxray
74%
195 Poison Muk
74%
258 Bug Pineco
74%
55 Water Psyduck
74%
331 Water/Poison Qwilfish
74%
94 Electric Shinx
74%
337 Poison/Water Skrelp
74%
227 Poison/Dark Skuntank
74%
357 Ice Snorunt
74%
352 Grass/Ice Snover
74%
219 Normal/Flying Swablu
74%
150 Fire Torkoal
74%
206 Grass/Poison Amoonguss
73%
110 Grass/Dragon Appletun
73%
155 Dragon Axew
73%
290 Flying/Dark Bombirdier
73%
154 Steel/Psychic Bronzong
73%
153 Steel/Psychic Bronzor
73%
85 Grass/Normal Dolliv
73%
123 Ground Donphan
73%
305 Dragon/Ghost Dreepy
73%
392 Steel/Ghost Gholdengo
73%
30 Normal Greedent
73%
282 Psychic Hatenna
73%
284 Psychic/Fairy Hatterene
73%
157 Dragon Haxorus
73%
116 Fighting Makuhita
73%
239 Ghost/Fairy Mimikyu
73%
286 Dark/Fairy Morgrem
73%
130 Rock Naclstack
73%
133 Water/Flying Pelipper
73%
122 Ground Phanpy
73%
225 Fire/Normal Pyroar
73%
297 Dark/Ghost Sableye
73%
202 Poison/Normal Shroodle
73%
29 Normal Skwovet
73%
80 Normal Slaking
73%
78 Normal Slakoth
73%
226 Poison/Dark Stunky
73%
246 Grass/Flying Tropius
73%
132 Water/Flying Wingull
73%
86 Grass/Normal Arboliva
72%
378 Grass/Dark Brute Bonnet
72%
339 Water Clauncher
72%
119 Fighting/Ice Crabominable
72%
175 Poison/Fighting Croagunk
72%
200 Electric/Fairy Dedenne
72%
338 Poison/Dragon Dragalge
72%
306 Dragon/Ghost Drakloak
72%
205 Grass/Poison Foongus
72%
156 Dragon Fraxure
72%
174 Dragon Goodra
72%
172 Dragon Goomy
72%
384 Fighting/Electric Iron Hands
72%
369 Dark/Steel Kingambit
72%
240 Steel/Fairy Klefki
72%
268 Ground/Dark Krokorok
72%
197 Dark Mabosstiff
72%
313 Normal/Psychic Oranguru
72%
294 Steel/Poison Revavroom
72%
91 Rock Rolycoly
72%
377 Fairy/Psychic Scream Tail
72%
173 Dragon Sliggoo
72%
32 Grass Sunflora
72%
279 Fairy/Steel Tinkatink
72%
281 Fairy/Steel Tinkaton
72%
244 Ground/Grass Toedscool
72%
176 Poison/Fighting Toxicroak
72%
293 Steel/Poison Varoom
72%
168 Water/Ground Barboach
70%
390 Dragon/Ice Baxcalibur
70%
171 Electric Bellibolt
70%
242 Grass/Ghost Bramblin
70%
107 Grass/Fighting Breloom
70%
51 Water Buizel
70%
92 Rock/Fire Carkol
70%
362 Ice Cetitan
70%
118 Fighting Crabrawler
70%
295 Dragon/Normal Cyclizar
70%
374 Water Dondozo
70%
307 Dragon/Ghost Dragapult
70%
188 Normal Dunsparce
70%
145 Fairy Flabébé
70%
346 Flying/Fighting Flamigo
70%
146 Fairy Floette
70%
311 Ghost Greavard
70%
283 Psychic Hattrem
70%
383 Ice/Water Iron Bundle
70%
386 Fire/Poison Iron Moth
70%
398 Fairy/Fighting Iron Valiant
70%
397 Dragon/Dark Roaring Moon
70%
381 Electric/Ground Sandy Shocks
70%
106 Grass Shroomish
70%
88 Rock Sudowoodo
70%
31 Grass Sunkern
70%
375 Dragon/Water Tatsugiri
70%
215 Normal Teddiursa
70%
280 Fairy/Steel Tinkatuff
70%
245 Ground/Grass Toedscruel
70%
373 Water/Psychic Veluza
70%
257 Bug/Poison Venomoth
70%
229 Dark Zoroark
70%
228 Dark Zorua
70%
45 Normal Blissey
69%
44 Normal Chansey
69%
340 Water Clawitzer
69%
93 Rock/Fire Coalossal
69%
360 Ice Cryogonal
69%
77 Fairy Dachsbun
69%
66 Psychic Drowzee
69%
52 Water Floatzel
69%
147 Fairy Florges
69%
308 Rock/Poison Glimmet
69%
309 Rock/Poison Glimmora
69%
312 Ghost Houndstone
69%
67 Psychic Hypno
69%
141 Normal Meowth
69%
142 Normal Persian
69%
120 Poison/Fire Salandit
69%
121 Poison/Fire Salazzle
69%
221 Grass Skiddo
69%
198 Electric/Poison Toxel
69%
216 Normal Ursaring
69%
256 Bug/Poison Venonat
69%
79 Normal Vigoroth
69%
169 Water/Ground Whiscash
69%
356 Ice Beartic
68%
87 Rock Bonsly
68%
243 Grass/Ghost Brambleghast
68%
366 Normal/Flying Braviary
68%
361 Ice Cetoddle
68%
355 Ice Cubchoo
68%
342 Electric Eelektrik
68%
222 Grass Gogoat
68%
43 Normal Happiny
68%
385 Dark/Flying Iron Jugulis
68%
387 Rock/Electric Iron Thorns
68%
344 Poison/Water Mareanie
68%
196 Dark Maschiff
68%
303 Flying/Dragon Noibat
68%
314 Fighting Passimian
68%
254 Bug Rellor
68%
365 Normal/Flying Rufflet
68%
327 Water Shellos
68%
298 Ghost Shuppet
68%
345 Poison/Water Toxapex
68%
199 Electric/Poison Toxtricity
68%
341 Electric Tynamo
68%
299 Ghost Banette
66%
81 Grass Bounsweet
66%
252 Grass Cacnea
66%
250 Grass Capsakid
66%
124 Steel Cufant
66%
320 Ice Eiscue
66%
388 Dragon/Ice Frigibax
66%
328 Water/Ground Gastrodon
66%
105 Grass Lilligant
66%
304 Flying/Dragon Noivern
66%
296 Steel Orthworm
66%
201 Electric Pachirisu
66%
323 Ghost/Ground Palossand
66%
251 Grass/Fire Scovillain
66%
218 Poison Seviper
66%
380 Bug/Fighting Slither Wing
66%
113 Normal/Flying Squawkabilly
66%
82 Grass Steenee
66%
319 Rock Stonjourner
66%
170 Electric Tadbulb
66%
83 Grass Tsareena
66%
393 Dark/Grass Wo-Chien
66%
217 Normal Zangoose
66%
103 Electric Ampharos
65%
389 Dragon/Ice Arctibax
65%
364 Ice Avalugg
65%
253 Grass/Dark Cacturne
65%
57 Water Chewtle
65%
396 Dark/Fire Chi-Yu
65%
58 Water/Rock Drednaw
65%
102 Electric Flaaffy
65%
101 Electric Mareep
65%
72 Normal Maushold
65%
104 Grass Petilil
65%
322 Ghost/Ground Sandygast
65%
363 Ice Bergmite
64%
394 Dark/Ice Chien-Pao
64%
125 Steel Copperajah
64%
212 Normal Ditto
64%
189 Normal Dudunsparce
64%
208 Electric Electrode
64%
264 Psychic Espathra
64%
263 Psychic Flittle
64%
265 Ground Hippopotas
64%
266 Ground Hippowdon
64%
33 Bug Kricketot
64%
34 Bug Kricketune
64%
90 Rock Lycanroc
64%
255 Bug/Psychic Rabsca
64%
71 Normal Tandemaus
64%
395 Dark/Ground Ting-Lu
64%
207 Electric Voltorb
64%
343 Electric Eelektross
62%
28 Normal Gumshoos
62%
321 Electric Pincurchin
62%
238 Ghost Polteageist
62%
89 Rock Rockruff
62%
204 Normal Stantler
62%
27 Normal Yungoos
62%
333 Water Finneon
61%
236 Psychic Gothitelle
61%
139 Poison Gulpin
61%
270 Ground Silicobra
61%
237 Ghost Sinistea
61%
138 Water Basculin
59%
291 Water Finizen
59%
234 Psychic Gothita
59%
235 Psychic Gothorita
59%
140 Poison Swalot
59%
336 Water Alomomola
58%
335 Water/Psychic Bruxish
58%
241 Psychic/Normal Indeedee
58%
334 Water Lumineon
58%
271 Ground Sandaconda
58%
292 Water Palafin
57%
332 Water Luvdisc
55%
315 Normal Komala
54%
272 Ground Mudbray
54%
300 Fighting Falinks
53%
247 Grass Fomantis
53%
248 Grass Lurantis
53%
273 Ground Mudsdale
53%
112 Psychic Grumpig
51%
111 Psychic Spoink
51%
136 Water Arrokuda
49%
137 Water Barraskewda
49%
No matching quizzes found
Score Distribution
Percent of People with Each Score
Percentile by Number Answered
Your Score History
You have not taken this quiz